00287 a2200133 450000100060000002000180000604000240002410000180004824000230006624500180008930000060010736200090011365000310012213592 a9788575037317 cAnchieta - Aquarius aAntonio, Luiz10aMinhas contaslpor10aMinhas contas a 0 a2008 4aLiteratura infanto-juvenil